[Event "Challenge"]
[Site "http://www.queenalice.com/game.php?id=263722"]
[Date "2007.8.30"]
[Round "-"]
[White "amadeurr"]
[Black "coastaricano"]
[Result "0-1"]
[WhiteElo "1241"]
[BlackElo "1819"]

1. e4 Nc6 2. Bc4 e6 3. Nf3 g6 4. O-O Bg7 5. d3 Nf6 6. Bf4 O-O 7. e5 Nh5 8. Qc1
Nxf4 9. Qxf4 d6 10. Nc3 Nxe5 11. Nxe5 Bxe5 12. Qe3 a6 13. d4 Bg7 14. d5 Re8 15.
Rae1 e5 16. b4 b5 17. Bd3 f5 18. Nb1 f4 19. Qe4 Bf5 20. Qf3 Qg5 0-1

[Event "Challenge"]
[Site "http://www.queenalice.com/game.php?id=263913"]
[Date "2007.8.30"]
[Round "-"]
[White "coastaricano"]
[Black "fire4"]
[Result "1-0"]
[WhiteElo "1606"]
[BlackElo "1245"]

1. d4 d6 2. e4 b6 3. Bc4 Bb7 4. Nc3 Nf6 5. d5 c6 6. Nf3 Qc7 7. O-O c5 8. Bb5+
Nbd7 9. Re1 O-O-O 10. Qe2 e6 11. Ba6 exd5 12. Nxd5 Qc6 13. Bb5 Ba6 14. Bxc6 Bxe2
15. Rxe2 h6 16. a4 c4 17. c3 Nc5 18. Be3 Nfxe4 19. Bxc5 Nxc5 20. Rae1 Nd3 21.
Rd1 g5 22. Nd4 Bg7 23. Re7 Nxb2 24. Rxa7 1-0

[Event "Challenge"]
[Site "http://www.queenalice.com/game.php?id=264850"]
[Date "2007.9.1"]
[Round "-"]
[White "bruno_3112"]
[Black "coastaricano"]
[Result "0-1"]
[WhiteElo "1201"]
[BlackElo "1500"]

1. d4 d5 2. Nf3 Nf6 3. Nc3 c5 4. dxc5 Nc6 5. a4 e6 6. Be3 Be7 7. b3 O-O 8. Bd4
Ne4 9. Nxe4 dxe4 10. e3 exf3 11. gxf3 Qa5+ 12. Qd2 Qxd2+ 13. Kxd2 Rd8 14. Bh3 e5
15. c3 Bxh3 16. Rhg1 exd4 17. cxd4 b6 18. cxb6 axb6 19. Kc3 Rac8 20. Kc4 Ne5+
0-1

[Event "Challenge"]
[Site "http://www.queenalice.com/game.php?id=269010"]
[Date "2007.9.9"]
[Round "-"]
[White "af_4b"]
[Black "coastaricano"]
[Result "0-1"]
[WhiteElo "1423"]
[BlackElo "1534"]

1. e4 e5 2. Bc4 Nf6 3. Qf3 Nc6 4. Qf5 d5 5. Qg5 dxc4 6. Nf3 Nxe4 7. Qxd8+ Nxd8
8. O-O Nc6 9. d3 cxd3 10. cxd3 Nc5 11. Rd1 Bg4 12. b4 Nxb4 13. Nc3 O-O-O 14. Bg5
f6 0-1

[Event "Challenge"]
[Site "http://www.queenalice.com/game.php?id=269017"]
[Date "2007.9.9"]
[Round "-"]
[White "henryfloripa"]
[Black "coastaricano"]
[Result "0-1"]
[WhiteElo "1033"]
[BlackElo "1500"]

1. e4 e5 2. Bc4 Nc6 3. Qf3 Nf6 4. d3 h6 5. g4 Nd4 6. Qd1 d5 7. Bxd5 Nxd5 8. exd5
Qxd5 9. c3 Qxh1 10. cxd4 Qxg1+ 11. Ke2 Bxg4+ 12. f3 Bxf3+ 13. Kxf3 Qxd1+ 14. Ke4
Qxc1 15. Kxe5 O-O-O 16. a4 Re8+ 17. Kd5 Qc6# 0-1

[Event "Challenge"]
[Site "http://www.queenalice.com/game.php?id=275810"]
[Date "2007.9.23"]
[Round "-"]
[White "coastaricano"]
[Black "elche"]
[Result "1-0"]
[WhiteElo "1647"]
[BlackElo "1367"]

1. d4 d5 2. c4 dxc4 3. Nc3 e6 4. e4 Bb4 5. Bd2 Nf6 6. Bxc4 O-O 7. Nf3 Bxc3 8.
Bxc3 c6 9. O-O Nxe4 10. Bd3 Nxc3 11. bxc3 b5 12. a3 Bb7 13. Ne5 Nd7 14. Qc2 f5
15. Rfe1 Nxe5 16. dxe5 Qd5 17. c4 bxc4 18. Qxc4 Qxc4 19. Bxc4 Rae8 20. Red1 Re7
21. f4 h6 22. Rab1 g5 23. Bxe6+ Rxe6 24. Rxb7 gxf4 25. Rdd7 Rg6 26. Kf2 Rc8 27.
Rbc7 Rxc7 28. Rxc7 a6 29. Kf3 a5 30. g3 fxg3 31. hxg3 Rg4 32. Rxc6 Ra4 33. Rxh6
Rxa3+ 34. Kf4 Kf7 35. Ra6 a4 36. Kxf5 Rxg3 37. Rxa4 Ke8 38. e6 Ke7 39. Ra7+ 1-0

[Event "Challenge"]
[Site "http://www.queenalice.com/game.php?id=275813"]
[Date "2007.9.23"]
[Round "-"]
[White "coastaricano"]
[Black "elche"]
[Result "1-0"]
[WhiteElo "1614"]
[BlackElo "1411"]

1. e4 c5 2. d4 cxd4 3. c3 dxc3 4. Nxc3 e6 5. Bc4 Bb4 6. Bd2 d6 7. Nf3 Nf6 8. O-O
O-O 9. Qe2 Bxc3 10. Bxc3 e5 11. Rfd1 Be6 12. Bb4 Bxc4 13. Qxc4 Ne8 14. Nxe5 Qc7
15. Qb3 Nc6 16. Rac1 Qb6 17. Nd7 1-0

[Event "Challenge"]
[Site "http://www.queenalice.com/game.php?id=279701"]
[Date "2007.10.1"]
[Round "-"]
[White "coastaricano"]
[Black "backnine"]
[Result "1-0"]
[WhiteElo "1664"]
[BlackElo "1620"]

1. e4 e5 2. Nf3 d6 3. c3 Nf6 4. d3 g6 5. Bg5 Bg7 6. d4 Nc6 7. dxe5 Nxe5 8. Nxe5
dxe5 9. Qxd8+ Kxd8 10. Bc4 c6 11. Nd2 Ke7 12. O-O Rd8 13. Rad1 Bg4 14. Nf3 Bxf3
15. Rxd8 Rxd8 16. gxf3 Rd2 17. Bxd2 Kf8 18. a4 Nd7 19. b4 Nb6 20. Bb3 Nd7 21.
Rd1 Ke8 22. b5 c5 23. Bd5 Nb6 24. Bxb7 Nc4 25. Bg5 f6 26. Bc6+ Ke7 27. Be3 f5
28. Bxc5+ Kf6 29. Bxa7 Bf8 30. b6 Bc5 31. h4 g5 32. hxg5+ Kxg5 33. exf5 Bxb6 34.
Bxb6 Nxb6 35. Bd7 Nxa4 36. Bxa4 1-0

[Event "Challenge"]
[Site "http://www.queenalice.com/game.php?id=285209"]
[Date "2007.10.12"]
[Round "-"]
[White "coastaricano"]
[Black "technicaldraw"]
[Result "1-0"]
[WhiteElo "1708"]
[BlackElo "1893"]

1. e4 e6 2. Nc3 c5 3. f4 Nc6 4. Nf3 d6 5. Bb5 Ne7 6. O-O a6 7. Bxc6+ Nxc6 8. d3
Be7 9. f5 exf5 10. Nd5 fxe4 11. dxe4 O-O 12. c3 Be6 13. Nxe7+ Qxe7 14. Ng5 h6
15. Nxe6 Qxe6 16. Qd5 Qxd5 17. exd5 Ne5 18. Bf4 Rad8 19. Rad1 Rfe8 20. Rfe1 f6
21. b3 g5 22. Bxe5 fxe5 23. g4 b5 24. Rf1 Rf8 25. Rxf8+ Rxf8 26. Kg2 Rf4 27. Kg3
Kg7 28. Rd2 Kf6 29. Rf2 Rxf2 30. Kxf2 e4 31. c4 b4 32. Ke2 Ke5 33. Ke3 1-0

[Event "Challenge"]
[Site "http://www.queenalice.com/game.php?id=285210"]
[Date "2007.10.12"]
[Round "-"]
[White "technicaldraw"]
[Black "coastaricano"]
[Result "1-0"]
[WhiteElo "1893"]
[BlackElo "1773"]

1. e4 c6 2. d4 d5 3. Nc3 dxe4 4. Nxe4 Nf6 5. Nxf6+ exf6 6. c3 Bd6 7. Bd3 Qe7+ 8.
Ne2 O-O 9. O-O Be6 10. Re1 Qd7 11. Bf4 Bxf4 12. Nxf4 g6 13. Nxe6 fxe6 14. Bc4
Re8 15. Qb3 Kf7 16. Bxe6+ Rxe6 17. Rxe6 Qxe6 18. Qxb7+ Nd7 19. Qxa8 f5 20. Qxa7
Kf6 21. Qa6 Nb8 22. Qd3 Nd7 23. a4 Nb6 24. a5 Nc4 25. b3 Nxa5 26. Rxa5 Qxb3 27.
h4 g5 28. Qxf5+ Ke7 29. Qxg5+ Kd7 30. Ra7+ Kc8 31. Qg8+ Qxg8 32. Ra8+ Kd7 33.
Rxg8 Ke6 34. Rg7 1-0

[Event "Challenge"]
[Site "http://www.queenalice.com/game.php?id=289198"]
[Date "2007.10.19"]
[Round "-"]
[White "coastaricano"]
[Black "glasiq"]
[Result "1-0"]
[WhiteElo "1745"]
[BlackElo "1682"]

1. e4 e5 2. Nf3 Nc6 3. c3 Nf6 4. d3 Bc5 5. Be3 Bxe3 6. fxe3 d6 7. Nbd2 b5 8. d4
Bg4 9. Bxb5 Qd7 10. Qa4 O-O 11. Bxc6 Qc8 12. Bxa8 Qxa8 13. dxe5 dxe5 14. O-O-O
Bh5 15. h3 g5 16. g4 Bxg4 17. hxg4 Nxg4 18. Rh5 f6 19. Qd7 1-0

[Event "Challenge"]
[Site "http://www.queenalice.com/game.php?id=290374"]
[Date "2007.10.21"]
[Round "-"]
[White "jpot2503"]
[Black "coastaricano"]
[Result "0-1"]
[WhiteElo "1716"]
[BlackElo "1794"]

1. e4 c5 2. Nc3 Nc6 3. Nf3 g6 4. d4 cxd4 5. Nxd4 Bg7 6. Be3 d6 7. f4 Nf6 8. Bc4
O-O 9. Qd2 e6 10. O-O-O d5 11. Nxc6 bxc6 12. Bc5 Re8 13. e5 Nd7 14. Bxd5 cxd5
15. Be3 Nb6 16. b3 Ba6 17. g4 Rc8 18. Bd4 Bh6 19. Qf2 Qe7 20. Kb2 Qb4 21. a3
Nc4+ 22. Kb1 Qxa3 23. Na4 Rb8 24. Bb2 Nxb2 25. Nxb2 Rec8 26. Rhg1 Bf8 27. f5 Bc5
28. Qg2 Bxg1 29. Rxg1 Bc4 30. Qh3 Rc7 31. fxg6 fxg6 32. g5 Rb6 33. Rg3 Ra6 0-1

[Event "Challenge"]
[Site "http://www.queenalice.com/game.php?id=297366"]
[Date "2007.11.2"]
[Round "-"]
[White "sunking"]
[Black "coastaricano"]
[Result "0-1"]
[WhiteElo "1888"]
[BlackElo "1776"]

1. e4 c5 2. c4 Nc6 3. Nc3 d6 4. Nd5 e6 5. Nc3 g6 6. Nf3 Bg7 7. d4 cxd4 8. Nxd4
Nxd4 9. Nb5 Nxb5 10. cxb5 b6 11. Bf4 Bb7 12. f3 d5 13. e5 Ne7 14. Bg5 O-O 15. f4
Rc8 16. h4 Qc7 17. g4 f6 18. Bxf6 Bxf6 19. Bd3 Bxe5 20. f5 Bg3+ 21. Kd2 Qf4+ 22.
Ke2 Qf2# 0-1

[Event "Challenge"]
[Site "http://www.queenalice.com/game.php?id=298180"]
[Date "2007.11.4"]
[Round "-"]
[White "coastaricano"]
[Black "chuckvondra"]
[Result "0-1"]
[WhiteElo "1819"]
[BlackElo "1847"]

1. d4 d5 2. c4 c6 3. Nc3 Nf6 4. Bg5 e6 5. e3 Nbd7 6. Bd3 Be7 7. Nf3 O-O 8. O-O
a6 9. a4 b6 10. Qc2 Bb7 11. Ne5 g6 12. f3 Nxe5 13. dxe5 Nd7 14. Bxe7 Qxe7 15. f4
a5 16. cxd5 exd5 17. e4 f6 18. exf6 Rxf6 19. f5 Ne5 20. fxg6 Rxg6 21. exd5 Nxd3
22. Qxd3 Ba6 23. Nb5 Qc5+ 24. Kh1 cxb5 25. Rfc1 b4 26. Qe4 Qf8 27. b3 Re8 28.
Qd4 Qg7 29. Qxg7+ Rxg7 30. Rc6 Rg6 31. d6 Bb7 32. Rxb6 Bxg2+ 33. Kg1 Bc6+ 34.
Kf2 Rf8+ 35. Ke3 Rxd6 36. Rg1+ Kf7 37. Rg5 Re8+ 38. Kf4 Rf6+ 39. Rf5 Rxf5+ 40.
Kxf5 Be4+ 41. Kf4 Bc2 42. Rb7+ Re7 43. Rb5 Bxb3 44. Rxa5 Bc2 45. Ra6 Rb7 46. a5
b3 0-1

[Event "Let's Play Chess!"]
[Site "http://www.queenalice.com/game.php?id=688615"]
[Date "2009.11.25"]
[Round "-"]
[White "Jeff_Of_Love"]
[Black "coastaricano"]
[Result "1-0"]
[WhiteElo "1888"]
[BlackElo "1836"]

1. e4 c5 2. Nc3 Nc6 3. g3 g6 4. Bg2 Bg7 5. d3 Nf6 6. f4 d6 7. Nf3 e6 8. O-O O-O
9. a3 Bd7 10. Nb5 Ne8 11. c4 a6 12. Nc3 Nf6 13. Qd2 Rc8 14. Rb1 Nd4 15. b3 Nxf3+
16. Bxf3 Rb8 17. a4 b5 18. Bb2 e5 19. Nd5 Nxd5 20. exd5 exf4 21. Bxg7 Kxg7 22.
Qxf4 b4 23. Qxd6 Bf5 24. Qxc5 Kg8 25. Be4 Bxe4 26. dxe4 Qb6 27. Qxb6 Rxb6 28. c5
Rbb8 29. c6 Rbc8 30. Rbc1 f6 31. d6 Kf7 32. c7 Ke6 33. Rc6 a5 34. Rd1 Kd7 35.
Rdc1 Rfe8 36. R1c4 Re6 37. R6c5 Rxd6 38. e5 fxe5 39. Kf2 Rd4 40. Rc1 Kd6 41.
Rc6+ Kd7 42. Ke3 Rd6 43. R6c5 Ke6 44. Rxa5 Rd5 45. Rb5 Kd6 46. Rb6+ Kd7 47. Rxb4
Rxc7 48. Rxc7+ Kxc7 49. Rc4+ Kd6 50. b4 Rd1 51. Rc8 Rb1 52. b5 Rb4 53. Ra8 Kc5
54. h4 Kb6 55. Kf3 Kb7 56. Ra6 Kb8 57. b6 Kb7 58. Ra7+ Kxb6 59. Rxh7 Rxa4 60.
Rh6 Kc5 61. Rxg6 Kd5 62. h5 e4+ 63. Kf4 1-0

[Event "Let's Play Chess!"]
[Site "http://www.queenalice.com/game.php?id=688616"]
[Date "2009.11.25"]
[Round "-"]
[White "coastaricano"]
[Black "Jeff_Of_Love"]
[Result "1/2-1/2"]
[WhiteElo "1813"]
[BlackElo "1920"]

1. d4 f5 2. c4 c6 3. g3 e6 4. Bg2 Nf6 5. Nf3 d5 6. Nc3 b6 7. O-O Bd6 8. e3 Ba6
9. b3 dxc4 10. bxc4 Bxc4 11. Re1 Bb4 12. Bd2 O-O 13. Ne2 Nd5 14. Bxb4 Nxb4 15.
Nc3 Nd3 16. Re2 b5 17. Rd2 Nb4 18. Ne5 Bd5 19. a3 Bxg2 20. Kxg2 Nd5 21. Nxd5
Qxd5+ 22. Qf3 g5 23. Qxd5 cxd5 24. Rb1 a6 25. Rc2 Ra7 26. Nc6 Nxc6 27. Rxc6 Re8
28. f4 g4 29. Rbc1 a5 30. Rb6 b4 31. axb4 axb4 32. Rxb4 Ra3 33. Kf2 h5 34. Rb7
Ra2+ 35. Kg1 Re2 36. Rc3 Ra8 37. Rb1 Kf7 38. Rcc1 Raa2 39. Ra1 Rg2+ 40. Kf1
Raf2+ 41. Ke1 Rxh2 42. Rc7+ Kf6 43. Raa7 Rb2 44. Rf7+ Kg6 45. Rg7+ Kh6 46. Rh7+
Kg6 47. Rhg7+ 1/2-1/2

[Event "Let's Play Chess!"]
[Site "http://www.queenalice.com/game.php?id=696167"]
[Date "2009.12.11"]
[Round "-"]
[White "coastaricano"]
[Black "extermination"]
[Result "1-0"]
[WhiteElo "1790"]
[BlackElo "1816"]

1. d4 d5 2. c4 e6 3. Nc3 Nf6 4. Bg5 Be7 5. e3 h6 6. Bxf6 Bxf6 7. Nf3 dxc4 8.
Bxc4 Nc6 9. O-O Ne7 10. e4 Nc6 11. d5 exd5 12. exd5 Ne5 13. Nxe5 Bxe5 14. Re1 f6
15. f4 O-O 16. fxe5 fxe5 17. d6+ Kh8 18. dxc7 Qxc7 19. Bb3 b6 20. Rc1 Qc5+ 21.
Kh1 Qf2 22. Rf1 1-0

[Event "Let's Play Chess!"]
[Site "http://www.queenalice.com/game.php?id=696168"]
[Date "2009.12.11"]
[Round "-"]
[White "extermination"]
[Black "coastaricano"]
[Result "1-0"]
[WhiteElo "1798"]
[BlackElo "1814"]

1. e4 e5 2. Nf3 Nc6 3. Bb5 d6 4. Nc3 Bd7 5. d3 Nge7 6. Bg5 f6 7. Bh4 Ng6 8. Qe2
Nce7 9. Bxd7+ Qxd7 10. Bg3 O-O-O 11. O-O-O f5 12. exf5 Nxf5 13. d4 exd4 14. Nxd4
Nxg3 15. fxg3 Re8 16. Qc4 1-0

[Event "Let's Play Chess!"]
[Site "http://www.queenalice.com/game.php?id=718394"]
[Date "2010.1.22"]
[Round "-"]
[White "coastaricano"]
[Black "burnthepoliticians"]
[Result "1-0"]
[WhiteElo "1819"]
[BlackElo "1634"]

1. e4 c5 2. d4 cxd4 3. c3 dxc3 4. Nxc3 g6 5. Bc4 Bg7 6. Nf3 Nc6 7. O-O Qc7 8.
Qe2 d6 9. Bf4 Bg4 10. Rac1 e6 11. Nb5 Qd8 12. Nxd6+ Ke7 13. Nb5 Bxb2 14. Bd6+
Kd7 15. Qxb2 1-0

[Event "Let's Play Chess!"]
[Site "http://www.queenalice.com/game.php?id=718395"]
[Date "2010.1.22"]
[Round "-"]
[White "burnthepoliticians"]
[Black "coastaricano"]
[Result "0-1"]
[WhiteElo "1642"]
[BlackElo "1830"]

1. e4 d6 2. Nf3 c5 3. d4 cxd4 4. Nxd4 Nc6 5. Bb5 Bd7 6. Nc3 Nf6 7. O-O e6 8. Re1
a6 9. Ba4 Be7 10. Nxc6 bxc6 11. e5 Nd5 12. exd6 Bxd6 13. Nxd5 cxd5 14. Bxd7+
Qxd7 15. Qxd5 Bxh2+ 0-1

[Event "amichevole"]
[Site "http://www.queenalice.com/game.php?id=721665"]
[Date "2010.1.28"]
[Round "-"]
[White "giobetti"]
[Black "coastaricano"]
[Result "0-1"]
[WhiteElo "1807"]
[BlackElo "1840"]

1. e4 e5 2. Bc4 Nf6 3. d4 Nxe4 4. Nf3 d6 5. dxe5 Nc6 6. Bb5 Be7 7. Bf4 dxe5 8.
Qxd8+ Bxd8 9. Nxe5 Bd7 10. Nxc6 bxc6 11. O-O cxb5 12. Re1 O-O 13. Rxe4 c6 14.
Nc3 Bf5 15. Re2 Bf6 16. g3 Rfe8 17. Rae1 Rxe2 18. Rxe2 h6 19. Nd1 Rd8 20. b3
Rxd1+ 21. Kg2 g5 22. Re8+ Kg7 23. Be3 Ra1 24. Bxa7 Rxa2 25. Ra8 c5 26. h3 Be4+
27. Kf1 Bxa8 0-1

[Event "amichevole"]
[Site "http://www.queenalice.com/game.php?id=721668"]
[Date "2010.1.28"]
[Round "-"]
[White "coastaricano"]
[Black "giobetti"]
[Result "0-1"]
[WhiteElo "1856"]
[BlackElo "1789"]

1. d4 d5 2. c4 dxc4 3. e3 Nf6 4. Bxc4 e6 5. Nf3 c5 6. O-O a6 7. a4 Nc6 8. Nc3
cxd4 9. Nxd4 Bc5 10. Nxc6 Qxd1 11. Rxd1 bxc6 12. Ne2 O-O 13. Bd2 Nd7 14. b4 Be7
15. Nd4 c5 16. Nc6 Bf6 17. Rab1 Bb7 18. b5 Ne5 19. Nxe5 Bxe5 20. f4 Bf6 21. a5
Rfd8 22. b6 Be4 23. b7 Rab8 24. Rb6 Bxb7 25. Be2 Be4 26. Rxb8 Rxb8 27. Be1 Bc2
28. Rc1 Rb2 29. Bxa6 g6 30. Bc4 Be4 31. g3 Rg2+ 32. Kf1 Rxh2 33. a6 g5 34. Bc3
Rh1+ 35. Kf2 Rxc1 36. Bxf6 Rxc4 37. Bxg5 Rc2+ 0-1

[Event "Let's Play Chess!"]
[Site "http://www.queenalice.com/game.php?id=726450"]
[Date "2010.2.6"]
[Round "-"]
[White "coastaricano"]
[Black "MCMXI"]
[Result "0-1"]
[WhiteElo "1822"]
[BlackElo "2053"]

1. e4 c5 2. Nf3 e6 3. d4 cxd4 4. Nxd4 a6 5. Be3 Nf6 6. Nc3 Bb4 7. f3 O-O 8. Bd3
e5 9. Nb3 d5 10. exd5 Nxd5 11. Bd2 Nxc3 12. Bxc3 Bxc3+ 13. bxc3 Be6 14. O-O Qb6+
15. Kh1 f5 16. Rb1 Qc7 17. Qd2 Rf6 18. f4 e4 19. Be2 Nc6 20. Nc5 Rd8 21. Qe3 Na5
22. Nxe6 Rxe6 23. Rfd1 Red6 24. Rxd6 Qxd6 25. h3 Qc6 26. Rd1 Rxd1+ 27. Bxd1 Nc4
28. Qd4 b5 29. Be2 h6 30. Bxc4+ bxc4 31. Kh2 Kh7 32. g4 Qa4 33. gxf5 Qxc2+ 34.
Kg3 Qd3+ 35. Qxd3 exd3 36. Kf2 Kg8 0-1

[Event "Let's Play Chess!"]
[Site "http://www.queenalice.com/game.php?id=726451"]
[Date "2010.2.6"]
[Round "-"]
[White "MCMXI"]
[Black "coastaricano"]
[Result "1-0"]
[WhiteElo "2060"]
[BlackElo "1815"]

1. d4 Nf6 2. c4 g6 3. Nc3 Bg7 4. e4 d6 5. Be2 O-O 6. Nf3 e5 7. Be3 Nc6 8. d5 Ne7
9. Nd2 Nd7 10. O-O f5 11. f3 b6 12. Qc2 c5 13. dxc6 Nxc6 14. exf5 Rxf5 15. Bd3
Rf8 16. Be4 Bb7 17. Bd5+ Kh8 18. Bxc6 Bxc6 19. Nde4 Nc5 20. Rad1 Bxe4 21. fxe4
Rxf1+ 22. Rxf1 Qd7 23. Qd2 Rf8 24. Rxf8+ Bxf8 25. Bxc5 bxc5 26. Qf2 Bg7 27. b3
a6 28. Qh4 Qf7 29. Nd5 Qf8 30. a3 Qf7 31. Qd8+ Bf8 32. b4 cxb4 33. axb4 Kg7 34.
Qa8 Be7 35. Qxa6 Qe6 36. Qa7 Kf7 37. b5 1-0